| 000 | 00879nam a2200229 a 4500 | ||
|---|---|---|---|
| 999 |
_c12641 _d12641 |
||
| 001 | 12641 | ||
| 003 | BD-JhCC | ||
| 005 | 20221024124548.0 | ||
| 008 | 221024s20202021bg |||| |||| 000 0 ban d | ||
| 020 | _a9789849435709 | ||
| 035 | _a(BD-JhCC)12642 | ||
| 040 |
_aBD-JhCC _dBD-JhCC |
||
| 041 | _aben | ||
| 082 |
_a297.9 _bALK 2021 |
||
| 100 | _aআল খতিব, ফিরাস | ||
| 245 |
_aলস্ট ইসলামিক হিস্ট্রি : _bইসলামের হারানো ইতিহাস / _cফিরাস আল খতিব; আলী আহমাদ মাবরুর (অনু.) |
||
| 260 |
_aঢাকা : _bপ্রচ্ছদ প্রকাশন, _c২০২১ |
||
| 300 |
_a২৮৪ পৃ. : _c২১ সেমি. |
||
| 650 | _aIslamic Hisotry | ||
| 700 | _aমাবরুর, আলী আহমাদ | ||
| 942 |
_2ddc _cBK |
||